000 00374nam a22001697a 4500
005 20160618141851.0
008 160618b xxu||||| |||| 00| 0 eng d
020 _a1-889150-34-7
041 _aeng
082 _b8164
100 _aKuzments, Maribeth
_92229
245 _aRed Zone Marketing
260 _c2003
300 _a200
650 _aManagement
_9241
942 _cBK
999 _c3118
_d3117